[Event "36th ECC Open 2021"]
[Site "Struga MKD"]
[Date "2021.09.22"]
[Round "5.6"]
[Board "2"]
[White "Ivanisevic, Ivan"]
[Black "Dudin, Gleb"]
[Result "1/2-1/2"]
[WhiteTitle "GM"]
[BlackTitle "IM"]
[WhiteElo "2582"]
[BlackElo "2434"]
[WhiteTeam "Sloven Ruma"]
[BlackTeam "Prilep"]
[WhiteFideId "912417"]
[BlackFideId "34184934"]
[EventDate "2021.09.18"]
[EventType "team"]

1. c4 c6 2. Nf3 Nf6 3. g3 d5 4. Qc2 Bg4 5. Bg2 e6 6. O-O Nbd7 7. d3 Bd6 8. h3
Bh5 9. Nc3 O-O 10. e4 Bxf3 11. Bxf3 dxc4 12. dxc4 e5 13. Bd2 Nc5 14. Rad1 Ne6
15. Ne2 a5 16. Bc3 Qc7 17. b3 Rfd8 18. Bg2 h5 19. Kh1 h4 20. Qb2 Nc5 21. Qc2 Ne6
22. gxh4 Nh5 23. Ng3 Nhf4 24. Nf5 Bc5 25. h5 Nxh5 26. Qb2 f6 27. a3 Nhf4 28. b4
axb4 29. axb4 Bf8 30. Bd2 Qf7 31. Bxf4 Nxf4 32. Qb3 Kh7 33. Rg1 Rxd1 34. Rxd1 b5
35. Bf1 Ra4 36. Qg3 Rxb4 37. Qh4+ Qh5 38. Qxh5+ Nxh5 39. cxb5 cxb5 40. Rc1 Nf4
41. Kh2 Rb2 42. Kg3 Bb4 43. h4 Ba5 44. Rd1 Kh8 45. Kg4 Bb6 46. h5 Rxf2 47. Nh4
Kh7 48. Bxb5 Ne6 49. Ng6 Rg2+ 50. Kf3 Rg5 51. Be8 Nd4+ 52. Kf2 Kh6 53. Rh1 Rg4
54. Rb1 Bc5 55. Nh8 Kg5 56. Kf1 Kf4 57. Rc1 Bb4 58. Rb1 Bd2 59. Ng6+ Kxe4 60.
Bd7 f5 61. Bc8 Kd5 62. Bb7+ Kd6 63. Bg2 f4 64. Rb6+ Kc7 65. Rb7+ Kd6 66. Rb6+
Kc5 67. Nxe5 Rg5 68. Nd7+ Kc4 69. h6 gxh6 70. Rxh6 Be3 71. Nb6+ Kd3 72. Nd5 f3
73. Nxe3 Kxe3 74. Bxf3 Nxf3 75. Re6+ Kf4 76. Kf2 Nh4 77. Rf6+ Nf5 78. Rf8 Rh5
79. Ke2 Rh3 80. Kd2 Ke4 81. Re8+ Kd5 82. Rd8+ Nd6 83. Ke2 Ke5 1/2-1/2

[Event "36th ECC Open 2021"]
[Site "Struga MKD"]
[Date "2021.09.22"]
[Round "5.6"]
[Board "5"]
[White "Gotovusa, Goran"]
[Black "Miljkovic, Miroslav D"]
[Result "1/2-1/2"]
[BlackTitle "GM"]
[WhiteElo "2161"]
[BlackElo "2470"]
[WhiteTeam "Prilep"]
[BlackTeam "Sloven Ruma"]
[WhiteFideId "15002250"]
[BlackFideId "922722"]
[EventDate "2021.09.18"]
[EventType "team"]

1. d4 d5 2. e3 Nf6 3. Nf3 Bg4 4. Be2 c6 5. O-O e6 6. b3 Nbd7 7. Bb2 Be7 8. Nbd2
O-O 9. h3 Bh5 10. Ne5 Bxe2 11. Qxe2 Rc8 12. e4 dxe4 13. Nxe4 Nxe4 14. Qxe4 Nxe5
15. dxe5 Qa5 16. a4 Rfd8 17. Rad1 Bb4 18. Rxd8+ Rxd8 19. Bc1 Bc3 20. f4 Qc5+ 21.
Be3 Bd4 22. Bxd4 Rxd4 23. Qe3 Qd5 24. Qf3 Qd7 25. Qc3 h5 26. Rf3 Rd1+ 27. Kh2
Qd2 28. Qxd2 Rxd2 29. Rd3 Rxc2 30. Rd8+ Kh7 31. Rd7 Kg6 32. Rxb7 a5 33. h4 c5
34. Rb5 c4 35. Rxa5 cxb3 36. Rb5 Ra2 37. Rxb3 Rxa4 38. Rg3+ Kh6 39. Rf3 Re4 40.
Kh3 Re1 41. Ra3 Rh1+ 42. Kg3 Kg6 43. Rb3 Rc1 44. Ra3 Rc7 45. Rb3 Kf5 46. Ra3 Rd7
47. Rb3 f6 48. exf6 gxf6 49. Rb5+ Rd5 50. Rb3 Ke4 51. Rb4+ Rd4 52. Rb6 Rd3+ 53.
Kh2 Kf5 54. Ra6 Re3 55. Ra5+ Kg4 56. Ra4 f5 57. Ra8 Kxf4 58. Rg8 Re2 59. Rg5 Ke4
60. Rxh5 f4 61. Kg1 e5 62. Rh8 Ra2 63. Re8 Kf5 64. h5 Ra6 65. g4+ Kxg4 66. Rxe5
Kg3 67. Rg5+ Kf3 68. Rg6 Ra1+ 69. Kh2 Ra5 70. Rh6 Ke2 71. Kh3 f3 72. Re6+ Kf1
73. Kg4 Kg2 74. h6 f2 75. Re2 Kg1 76. Rxf2 Kxf2 77. h7 Ra8 78. Kg5 Kf3 79. Kg6
Kg4 80. Kg7 Ra7+ 81. Kg6 Ra6+ 82. Kg7 Ra7+ 83. Kg6 Rxh7 84. Kxh7 1/2-1/2

[Event "36th ECC Open 2021"]
[Site "Struga MKD"]
[Date "2021.09.22"]
[Round "5.7"]
[Board "1"]
[White "Mamedov, Rauf"]
[Black "Cornette, Matthieu"]
[Result "1-0"]
[WhiteTitle "GM"]
[BlackTitle "GM"]
[WhiteElo "2654"]
[BlackElo "2578"]
[WhiteTeam "Vugar Gashimov"]
[BlackTeam "ASNIERES Le Grand Echiquier"]
[WhiteFideId "13401653"]
[BlackFideId "620084"]
[EventDate "2021.09.18"]
[EventType "team"]

1. Nf3 d5 2. g3 g6 3. c4 dxc4 4. Na3 Bg7 5. Nxc4 Nc6 6. Bg2 e5 7. d3 Nge7 8. O-O
O-O 9. Bd2 a5 10. Rc1 f6 11. a3 Be6 12. b4 axb4 13. axb4 Nd5 14. b5 Nd4 15. Nxd4
exd4 16. e4 dxe3 17. Nxe3 Rf7 18. Re1 Nxe3 19. Rxe3 Bd5 20. Re8+ Qxe8 21. Bxd5
Qxb5 22. Bxf7+ Kxf7 23. Rxc7+ Kg8 24. Qf3 Rd8 25. Qe4 Re8 26. Qd4 h5 27. h4 Re6
28. Bb4 b6 29. Rc8+ Kh7 30. Qd8 Qxb4 31. Qg8+ Kh6 32. Qxe6 Qb1+ 33. Kg2 Qxd3 34.
Rc7 Qd8 35. Qe3+ Kh7 36. Qxb6 Qd5+ 37. Kh2 f5 38. Qf6 Qg8 39. Rf7 Kh6 40. Qe7
Kh7 41. Kg1 Kh8 42. Qb7 Kh7 43. Kf1 Kh6 44. Ke2 Qe8+ 45. Re7 Qg8 46. Qc6 Qa2+
47. Kf1 Qa1+ 48. Kg2 Qf6 49. Qd7 Qf8 50. Re6 Qa8+ 51. Rc6 1-0

[Event "36th ECC Open 2021"]
[Site "Struga MKD"]
[Date "2021.09.22"]
[Round "5.7"]
[Board "2"]
[White "Delchev, Aleksander"]
[Black "Shevchenko, Kirill"]
[Result "0-1"]
[WhiteTitle "GM"]
[BlackTitle "GM"]
[WhiteElo "2500"]
[BlackElo "2633"]
[WhiteTeam "ASNIERES Le Grand Echiquier"]
[BlackTeam "Vugar Gashimov"]
[WhiteFideId "2900394"]
[BlackFideId "14129574"]
[EventDate "2021.09.18"]
[EventType "team"]

1. e4 c5 2. Nf3 Nc6 3. Nc3 d6 4. d4 cxd4 5. Nxd4 Nf6 6. Bg5 e6 7. Qd3 Bd7 8.
Ndb5 Nb4 9. Qd1 Qb8 10. Bf4 e5 11. Bg5 a6 12. Bxf6 gxf6 13. Na3 b5 14. Nab1 Bg7
15. g3 O-O 16. a3 Nc6 17. Nd5 Ra7 18. Bg2 f5 19. exf5 Bxf5 20. O-O Kh8 21. Nd2
Be6 22. c3 f5 23. Qe2 Qe8 24. Rad1 e4 25. Nf4 Bg8 26. f3 e3 27. Rfe1 Re7 28. Nb1
Bc4 29. Qc2 e2 30. Rc1 Bh6 31. b3 Bxf4 32. gxf4 Rg7 0-1

[Event "36th ECC Open 2021"]
[Site "Struga MKD"]
[Date "2021.09.22"]
[Round "5.7"]
[Board "6"]
[White "Moingt, Jean-Claude"]
[Black "Ibrahimli, Murad"]
[Result "0-1"]
[WhiteTitle "FM"]
[BlackTitle "IM"]
[WhiteElo "2125"]
[BlackElo "2436"]
[WhiteTeam "ASNIERES Le Grand Echiquier"]
[BlackTeam "Vugar Gashimov"]
[WhiteFideId "601608"]
[BlackFideId "13410229"]
[EventDate "2021.09.18"]
[EventType "team"]

1. e4 c5 2. Nf3 d6 3. Bb5+ Nd7 4. Ba4 Nf6 5. O-O a6 6. c4 g6 7. Nc3 Bg7 8. d4
cxd4 9. Nxd4 O-O 10. Bc2 Ne5 11. b3 Bd7 12. Bb2 Qb6 13. Rb1 Nc6 14. Nxc6 Bxc6
15. Nd5 Bxd5 16. exd5 Nd7 17. Bxg7 Kxg7 18. Qd2 a5 19. Rbe1 Rae8 20. Kh1 Nf6 21.
f4 e6 22. dxe6 Rxe6 23. f5 Rxe1 24. Rxe1 Qc5 25. Qe3 Qb4 26. Rf1 Re8 27. Qf3 g5
28. h3 h6 29. Rd1 Qc5 30. Qd3 Re3 31. Qd4 Re2 32. Qxc5 dxc5 33. Rc1 Nh5 34. Bd1
Re1+ 35. Kh2 Nf4 36. Rb1 Kf6 37. Kg3 Rg1 38. a3 Rxg2+ 39. Kf3 Ra2 40. h4 Rxa3
41. hxg5+ hxg5 42. Bc2 Ra2 43. Be4 b6 44. Rd1 Rb2 45. Rd6+ Ke5 0-1

[Event "36th ECC Open 2021"]
[Site "Struga MKD"]
[Date "2021.09.22"]
[Round "5.8"]
[Board "4"]
[White "Kanyamarala, Trisha"]
[Black "Brunner, Nicolas"]
[Result "0-1"]
[WhiteTitle "WIM"]
[BlackTitle "IM"]
[WhiteElo "2093"]
[BlackElo "2425"]
[WhiteTeam "Gonzaga"]
[BlackTeam "Schachgesellschaft Riehen"]
[WhiteFideId "45004722"]
[BlackFideId "620246"]
[EventDate "2021.09.18"]
[EventType "team"]

1. d4 Nf6 2. c4 e6 3. Nc3 Bb4 4. e3 O-O 5. Bd2 d5 6. Nf3 b6 7. cxd5 exd5 8. Rc1
Bb7 9. Bd3 Be7 10. O-O c5 11. Ne5 Nc6 12. f4 cxd4 13. Nxc6 Bxc6 14. exd4 Bb4 15.
Nb1 Bxd2 16. Nxd2 Qd6 17. Qf3 Rfe8 18. a3 Ne4 19. Rfd1 Ba4 20. Bc2 Bxc2 21. Rxc2
Nxd2 22. Rdxd2 Re4 23. g3 Rae8 24. Re2 g6 25. Kg2 Qf6 26. Red2 Rxd4 27. Qc3
Rxd2+ 28. Qxd2 Qf5 29. Rc1 h5 30. h4 Qe4+ 31. Kf2 d4 32. Rc4 Rd8 33. a4 Qh1 34.
Qe2 d3 35. Qe7 Qh2+ 36. Kf1 Qh1+ 37. Kf2 Qd5 38. Rc1 Qd4+ 39. Kf1 Kg7 40. f5 d2
41. Rd1 Qf6 42. Qxf6+ Kxf6 43. fxg6 fxg6 44. Ke2 Kf5 45. Kf3 a5 46. Kf2 Ke4 47.
Ke2 Rd7 48. b3 Rd8 49. Rxd2 Rxd2+ 50. Kxd2 Kf3 51. Kc3 Kxg3 52. Kc4 Kxh4 53. Kb5
g5 54. Kxb6 g4 55. Kxa5 g3 56. b4 g2 57. b5 g1=Q 58. b6 Qc5+ 59. Ka6 Qc4+ 60.
Ka5 Qc5+ 61. Ka6 Qc6 62. a5 Qa8+ 63. Kb5 Kg5 64. a6 h4 0-1

[Event "36th ECC Open 2021"]
[Site "Struga MKD"]
[Date "2021.09.22"]
[Round "5.9"]
[Board "1"]
[White "Dardha, Daniel"]
[Black "Westerberg, Jonathan"]
[Result "1/2-1/2"]
[WhiteTitle "IM"]
[BlackTitle "GM"]
[WhiteElo "2521"]
[BlackElo "2526"]
[WhiteTeam "Schachfreunde Wirtzfeld"]
[BlackTeam "Stocholms SS"]
[WhiteFideId "240990"]
[BlackFideId "1701754"]
[EventDate "2021.09.18"]
[EventType "team"]

1. c4 e5 2. Nc3 Nc6 3. Nf3 Nf6 4. g3 Bb4 5. Bg2 Bxc3 6. dxc3 d6 7. O-O h6 8. e4
Be6 9. b3 Qd7 10. Re1 Bh3 11. Bh1 g5 12. b4 Qe6 13. Qe2 Nh5 14. c5 Nf4 15. Bxf4
gxf4 16. cxd6 cxd6 17. Rad1 O-O-O 18. b5 Ne7 19. Qb2 Kb8 20. Qb4 fxg3 21. hxg3
Bg4 22. Rd3 Bxf3 23. Rxf3 Rhf8 24. c4 Rc8 25. Rd1 Rfd8 26. Bg2 Rxc4 27. Qb3 Rdc8
28. Rfd3 d5 29. exd5 Qd6 30. Qa3 R8c5 31. Re3 f6 32. Qd3 Rd4 33. Qe2 Rxd1+ 34.
Qxd1 f5 35. Re1 e4 36. Qh5 Rxd5 37. Rc1 Qg6 38. Qe2 Rd8 39. g4 Rg8 40. Kf1 Qxg4
41. Qxg4 Rxg4 42. f3 exf3 43. Bxf3 Rd4 44. Re1 Nc8 45. Re6 Rd6 46. Re5 Rf6 47.
a4 a6 48. Kf2 axb5 49. Rxb5 Nd6 50. Re5 Ka7 51. Kg3 f4+ 52. Kg4 Nf7 53. Ra5+ Kb8
54. Rb5 Nd8 55. Rf5 Ra6 56. Rxf4 Ne6 57. Rf6 Rxa4+ 58. Kh5 Nd4 59. Bxb7 Kxb7 60.
Kxh6 Kc7 61. Kg6 Kd7 62. Rf7+ Kd6 63. Rf6+ Ke5 64. Rf1 Ra6+ 65. Kf7 Nc2 66. Rc1
Ne3 67. Re1 Ra3 68. Rb1 Kf5 1/2-1/2

[Event "36th ECC Open 2021"]
[Site "Struga MKD"]
[Date "2021.09.22"]
[Round "5.10"]
[Board "4"]
[White "Skuhala, Jernej"]
[Black "Hamiti, Gani"]
[Result "1-0"]
[WhiteTitle "FM"]
[BlackTitle "FM"]
[WhiteElo "2351"]
[BlackElo "2123"]
[WhiteTeam "Maribor Poligram"]
[BlackTeam "Dardania"]
[WhiteFideId "14605651"]
[BlackFideId "4701194"]
[EventDate "2021.09.18"]
[EventType "team"]

1. e4 e5 2. Nf3 Nc6 3. Bb5 f5 4. d3 fxe4 5. dxe4 Nf6 6. Nc3 Bb4 7. Bg5 Bxc3+ 8.
bxc3 d6 9. O-O O-O 10. Qd3 Kh8 11. Rab1 Qe8 12. Nd2 Qg6 13. Bxf6 Qxf6 14. Bxc6
bxc6 15. Qc4 c5 16. Rb2 Be6 17. Qe2 Rab8 18. Rfb1 Rb6 19. c4 h6 20. Rb3 Rfb8 21.
Rf1 Rb4 22. Ra3 R8b7 23. Rb3 a5 24. h3 a4 25. Rf3 Qe7 26. Rc3 Qf7 27. a3 Rb2 28.
Rf3 Qe8 29. Rc3 Qf7 30. Rf3 Qe7 31. Rc3 Rb8 32. Rd1 Kh7 33. Kh2 Rf8 34. Nf1 Qh4
35. Kg1 Rf7 36. Ng3 g6 37. Nf1 Rb8 38. Rd2 Rbf8 39. Qe3 g5 40. f3 h5 41. g3 Qxh3
42. Qxg5 Bxc4 43. Rg2 Rg7 44. Qh4 Qxh4 45. gxh4 Rxg2+ 46. Kxg2 Be6 47. Ng3 Kg6
48. Ne2 Rb8 49. f4 Bg4 50. f5+ Kf6 51. Ng3 Rb2 52. Nf1 Be2 53. Ne3 c6 54. Kf2
Ba6 55. Nd1 Ra2 56. Ke1 Ra1 57. Kd2 Bb5 58. Rg3 Bc4 59. Rg6+ Ke7 60. Rg3 d5 61.
Rg7+ Kf8 62. Ra7 Rxa3 63. Ne3 Ba2 64. Ra5 d4 65. Nd1 Bc4 66. Nb2 Bb5 67. Nd3 c4
68. Nxe5 c3+ 69. Ke1 Ra1+ 70. Kf2 d3 71. f6 Ke8 72. Ra8# 1-0

[Event "36th ECC Open 2021"]
[Site "Struga MKD"]
[Date "2021.09.22"]
[Round "5.11"]
[Board "1"]
[White "Kunin, Vitaly"]
[Black "Atlas, Valery"]
[Result "1-0"]
[WhiteTitle "GM"]
[BlackTitle "IM"]
[WhiteElo "2562"]
[BlackElo "2426"]
[WhiteTeam "Gambit Bonnevoie"]
[BlackTeam "Perfect"]
[WhiteFideId "4128737"]
[BlackFideId "12000035"]
[EventDate "2021.09.18"]
[EventType "team"]

1. d4 Nf6 2. Nf3 e6 3. c4 b6 4. a3 Bb7 5. Nc3 g6 6. Qc2 Bg7 7. e4 d5 8. cxd5
exd5 9. e5 Ne4 10. Bd3 Nxc3 11. bxc3 c5 12. O-O O-O 13. Bg5 Qc8 14. Qd2 Ba6 15.
Bxa6 Nxa6 16. h3 Qc6 17. Nh2 Nb8 18. Ng4 Nd7 19. f4 f6 20. Bh4 Rac8 21. Rae1
cxd4 22. cxd4 f5 23. Ne3 b5 24. Rc1 Qe6 25. Qb4 a6 26. Qe7 Qxe7 27. Bxe7 Nb6 28.
Bxf8 Rxf8 29. Rc6 Rb8 30. g4 Bf8 31. gxf5 Bxa3 32. f6 Bb2 33. Rd1 b4 34. e6 b3
35. Rb1 Nc4 36. Nxc4 Bxd4+ 37. Ne3 Bxe3+ 38. Kf1 h5 39. Rxb3 Rxb3 40. Rc8+ Kh7
41. e7 Rb1+ 42. Ke2 1-0

[Event "36th ECC Open 2021"]
[Site "Struga MKD"]
[Date "2021.09.22"]
[Round "5.11"]
[Board "2"]
[White "Korsunsky, Yuri"]
[Black "Godart, Francois"]
[Result "0-1"]
[WhiteTitle "IM"]
[BlackTitle "IM"]
[WhiteElo "2395"]
[BlackElo "2407"]
[WhiteTeam "Perfect"]
[BlackTeam "Gambit Bonnevoie"]
[WhiteFideId "14102722"]
[BlackFideId "208078"]
[EventDate "2021.09.18"]
[EventType "team"]

1. c4 e6 2. g3 d5 3. Nf3 dxc4 4. Qa4+ Nd7 5. Qxc4 a6 6. Bg2 b5 7. Qc2 Bb7 8. O-O
Ngf6 9. d3 Be7 10. Nbd2 O-O 11. Nb3 c5 12. Bd2 Rc8 13. a4 c4 14. dxc4 bxc4 15.
Nbd4 Be4 16. Qd1 e5 17. Nc2 Nc5 18. Nxe5 Nb3 19. Bxe4 Nxe4 20. Bb4 Bxb4 21. Qxd8
Rfxd8 22. Nxb4 Nxa1 23. Rxa1 Rd6 24. Rc1 a5 25. Nbd3 Nd2 26. Rc2 f6 27. Rxd2
fxe5 28. Rc2 e4 29. Nc1 Rd1+ 30. Kg2 Rb8 31. Na2 Rb1 32. Rxc4 R1xb2 33. Nc3 Rc2
34. Rc5 e3 35. Kf3 exf2 36. Kxf2 Rb3 37. Ne4 Rxc5 38. Nxc5 Rb4 0-1

[Event "36th ECC Open 2021"]
[Site "Struga MKD"]
[Date "2021.09.22"]
[Round "5.11"]
[Board "3"]
[White "Dishman, Stephen"]
[Black "Gluhovsky, Mark"]
[Result "1-0"]
[WhiteElo "2316"]
[BlackElo "2275"]
[WhiteTeam "Gambit Bonnevoie"]
[BlackTeam "Perfect"]
[WhiteFideId "403024"]
[BlackFideId "24165514"]
[EventDate "2021.09.18"]
[EventType "team"]

1. d4 Nf6 2. Nf3 g6 3. Bg5 d5 4. e3 Nbd7 5. Nbd2 Bg7 6. Be2 O-O 7. O-O c5 8. c3
h6 9. Bf4 Nh5 10. Be5 f6 11. Nh4 fxe5 12. Nxg6 Nhf6 13. dxe5 Nh7 14. Nxf8 Nhxf8
15. f4 e6 16. Bd3 c4 17. Bc2 Nc5 18. Nxc4 Qe7 19. Nd6 b6 20. Rf3 Nb7 21. Nxc8
Rxc8 22. Rh3 Na5 23. Qe2 Nc4 24. Bd3 Nd7 25. Rf1 b5 26. Rg3 Nc5 27. Bb1 Ne4 28.
Bxe4 dxe4 29. Rd1 a6 30. Rd4 Rd8 31. b3 Nb6 32. Qd2 Rd5 33. Rxd5 Nxd5 34. f5 Kf7
35. Qxd5 exd5 36. Rxg7+ Kxg7 37. f6+ Qxf6 38. exf6+ Kxf6 39. b4 Kg5 40. h3 Kh4
41. Kh2 h5 42. g3+ Kg5 43. h4+ Kg6 44. Kh3 Kf5 45. g4+ hxg4+ 46. Kg3 a5 47. bxa5
b4 48. cxb4 1-0

[Event "36th ECC Open 2021"]
[Site "Struga MKD"]
[Date "2021.09.22"]
[Round "5.11"]
[Board "4"]
[White "Slavin, Gennadie"]
[Black "Filipovic, Slobodan J"]
[Result "1/2-1/2"]
[WhiteElo "2264"]
[BlackElo "2214"]
[WhiteTeam "Perfect"]
[BlackTeam "Gambit Bonnevoie"]
[WhiteFideId "4104870"]
[BlackFideId "939633"]
[EventDate "2021.09.18"]
[EventType "team"]

1. e4 c5 2. Nf3 Nc6 3. c3 d5 4. d3 e5 5. Nbd2 Nf6 6. g3 Be7 7. Bg2 dxe4 8. dxe4
Qd3 9. Bf1 Qd6 10. Qc2 O-O 11. Be2 Bh3 12. Ng5 Bg4 13. Bxg4 Nxg4 14. Ngf3 b5 15.
O-O Rfd8 16. Re1 Qf6 17. h3 Nh6 18. Kg2 c4 19. a4 a6 20. axb5 axb5 21. Rxa8 Rxa8
22. Nf1 Qe6 23. Ne3 Bf8 24. Nd5 Rb8 25. Rd1 Kh8 26. Qe2 Ng8 27. Ng5 Qg6 28. Qg4
h6 29. Nf3 Qxg4 30. hxg4 Nge7 31. Nxe7 Bxe7 32. Rd7 Rc8 33. Rb7 b4 34. cxb4 Bxb4
35. Rxf7 c3 36. bxc3 Bxc3 37. Be3 Kg8 38. Rd7 g5 39. Ng1 Rd8 40. Rc7 Rd6 41. Bc5
Rg6 42. Ne2 Ba5 43. Rd7 Rf6 44. Nc1 Bb4 45. Be3 Rd6 46. Rc7 Ba5 47. Rb7 Bc3 48.
Rb6 Kf7 49. Nb3 Bb4 50. Rb7+ Kg8 51. Nc5 Bc3 52. Rb6 Ba1 1/2-1/2

[Event "36th ECC Open 2021"]
[Site "Struga MKD"]
[Date "2021.09.22"]
[Round "5.11"]
[Board "5"]
[White "Schwerteck, Michael"]
[Black "Kurochkin, Victor"]
[Result "1/2-1/2"]
[WhiteElo "2113"]
[BlackElo "2407"]
[WhiteTeam "Gambit Bonnevoie"]
[BlackTeam "Perfect"]
[WhiteFideId "4687078"]
[BlackFideId "4105168"]
[EventDate "2021.09.18"]
[EventType "team"]

1. e4 c5 2. Nc3 d6 3. d4 cxd4 4. Qxd4 Nc6 5. Qd2 Nf6 6. b3 e6 7. Bb2 Be7 8.
O-O-O O-O 9. f4 a6 10. Nf3 b5 11. Qe1 Qc7 12. Kb1 Bb7 13. e5 dxe5 14. fxe5 Nd7
15. Qg3 Nb4 16. a3 Nd5 17. Nxd5 Bxd5 18. Bd3 Nc5 19. Rhe1 Rfc8 20. Nd4 Nxd3 21.
Rxd3 Qa5 22. Nf5 exf5 23. e6 f6 24. Rxd5 Qc7 25. Qxc7 Rxc7 26. Rxf5 Rd8 27. Rf2
Bc5 28. Rfe2 Kf8 29. g4 h6 30. h4 Rd5 31. Rf1 Ke7 32. Rf5 Rd6 33. g5 hxg5 34.
hxg5 Rxe6 35. gxf6+ gxf6 36. Rxe6+ Kxe6 37. Rxf6+ Kd5 38. Rxa6 Rh7 39. Bc3 Ra7
40. Rxa7 Bxa7 41. Kb2 Be3 42. Bf6 Bd2 43. Be7 Be1 44. Bb4 Bg3 45. Bc3 Bf4 46.
Bf6 Bd6 47. Bc3 Be7 48. Bb4 Bf6+ 49. Kc1 Bg5+ 50. Kd1 Bh6 51. Ke2 Ke4 52. Be7
Bg7 53. Bb4 Kd5 54. Kd3 Bf6 55. Bd2 Be7 56. a4 bxa4 57. c4+ Ke6 58. b4 a3 59.
Kc2 Ke5 60. Bc3+ Ke4 61. Kb3 Kd3 62. Be5 Ke4 63. Ba1 Kd3 64. c5 a2 65. c6 Bd6
66. b5 Bc7 67. Kxa2 Kc4 68. Be5 Kxb5 69. Bxc7 Kxc6 1/2-1/2

[Event "36th ECC Open 2021"]
[Site "Struga MKD"]
[Date "2021.09.22"]
[Round "5.11"]
[Board "6"]
[White "Pleshkov, Mikhail"]
[Black "Dishman, Matthew"]
[Result "1-0"]
[WhiteElo "1984"]
[BlackElo "1949"]
[WhiteTeam "Perfect"]
[BlackTeam "Gambit Bonnevoie"]
[WhiteFideId "34106917"]
[BlackFideId "438642"]
[EventDate "2021.09.18"]
[EventType "team"]

1. d4 Nf6 2. Nf3 e6 3. e3 c5 4. Bd3 d5 5. b3 Nc6 6. O-O Qc7 7. c4 dxc4 8. bxc4
Be7 9. Bb2 O-O 10. Nbd2 Rd8 11. Qe2 b6 12. Rac1 Bb7 13. Bb1 Rac8 14. Rfd1 cxd4
15. exd4 Qf4 16. Nf1 Ba6 17. Ne3 Na5 18. Ne5 h5 19. g3 Qh6 20. h4 Nd7 21. Nf3
Bf6 22. Bd3 g6 23. Ng2 Qg7 24. Nf4 Nf8 25. Ne5 Bxe5 26. dxe5 Bxc4 27. Ba3 Bxd3
28. Nxd3 Nd7 29. f4 Nc4 30. Bb4 a5 31. Be7 Re8 32. Bg5 b5 33. Nf2 Nc5 34. g4
hxg4 35. Nxg4 Qf8 36. h5 Red8 37. Nf6+ Kg7 38. hxg6 Rxd1+ 39. Rxd1 fxg6 40. Bh6+ 1-0

[Event "36th ECC Open 2021"]
[Site "Struga MKD"]
[Date "2021.09.22"]
[Round "5.12"]
[Board "1"]
[White "Kjartansson, Gudmundur"]
[Black "Smith, Axel"]
[Result "1-0"]
[WhiteTitle "GM"]
[BlackTitle "GM"]
[WhiteElo "2447"]
[BlackElo "2451"]
[WhiteTeam "Reykjavik"]
[BlackTeam "Lunds ASK"]
[WhiteFideId "2301318"]
[BlackFideId "1707930"]
[EventDate "2021.09.18"]
[EventType "team"]

1. c4 e5 2. g3 Nf6 3. Bg2 c6 4. d4 exd4 5. Qxd4 Na6 6. Nc3 Bc5 7. Qe5+ Be7 8.
Nf3 O-O 9. O-O Re8 10. Qf4 Bb4 11. Bd2 Nc5 12. a3 Bxc3 13. Bxc3 Nce4 14. Bd4 d5
15. cxd5 Nxd5 16. Qc1 Qe7 17. Nd2 Bf5 18. Nxe4 Bxe4 19. f3 Bg6 20. e4 Nc7 21. b4
f6 22. Re1 Nb5 23. Bb2 Qe6 24. Bf1 Bf7 25. a4 Nc7 26. b5 Rac8 27. bxc6 Na6 28.
Qe3 Rxc6 29. Bb5 Rc2 30. Bxe8 Bxe8 31. Re2 Nb4 32. Rc1 Rxc1+ 33. Bxc1 Qc4 34.
Rb2 Nd3 35. Rxb7 Nxc1 36. Qxa7 Qd4+ 37. Qxd4 Ne2+ 38. Kf2 Nxd4 39. a5 Bc6 40.
Rb6 Bb5 41. a6 1-0

[Event "36th ECC Open 2021"]
[Site "Struga MKD"]
[Date "2021.09.22"]
[Round "5.12"]
[Board "2"]
[White "Ahlander, Bjorn"]
[Black "Sulypa, Oleksandr"]
[Result "0-1"]
[WhiteTitle "IM"]
[BlackTitle "GM"]
[WhiteElo "2383"]
[BlackElo "2455"]
[WhiteTeam "Lunds ASK"]
[BlackTeam "Reykjavik"]
[WhiteFideId "1700251"]
[BlackFideId "14100487"]
[EventDate "2021.09.18"]
[EventType "team"]

1. d4 Nf6 2. c4 e6 3. Nc3 Bb4 4. Qc2 O-O 5. a3 Bxc3+ 6. Qxc3 b6 7. Bg5 Bb7 8. f3
h6 9. Bh4 d5 10. e3 Nbd7 11. cxd5 exd5 12. Bd3 c5 13. Ne2 Rc8 14. O-O Qe7 15.
Qd2 Rfe8 16. Bf2 Nb8 17. Ng3 Ba6 18. Nf5 Qe6 19. g4 c4 20. Bc2 c3 21. bxc3 Bxf1
22. Rxf1 Nc6 23. Bg3 Na5 24. Bf4 Nc4 25. Qc1 b5 26. Bd3 Rc6 27. Rf2 Rec8 28. Rg2
Nxa3 29. Qxa3 Rxc3 30. Qxa7 Rxd3 31. Ne7+ Kh7 32. Nxc8 Qxc8 33. Qxf7 Qc1+ 34.
Kf2 Rd2+ 35. Kg3 Qe1+ 36. Kh3 Qf1 37. Be5 Qxf3+ 0-1

[Event "36th ECC Open 2021"]
[Site "Struga MKD"]
[Date "2021.09.22"]
[Round "5.12"]
[Board "3"]
[White "Petursson, Margeir"]
[Black "Dragicevic, Drazen"]
[Result "1-0"]
[WhiteTitle "GM"]
[BlackTitle "FM"]
[WhiteElo "2442"]
[BlackElo "2344"]
[WhiteTeam "Reykjavik"]
[BlackTeam "Lunds ASK"]
[WhiteFideId "2300028"]
[BlackFideId "1707922"]
[EventDate "2021.09.18"]
[EventType "team"]

1. c4 e6 2. g3 d5 3. Bg2 g6 4. d4 Bg7 5. Nf3 Nf6 6. Nc3 O-O 7. O-O b6 8. cxd5
exd5 9. Bf4 c5 10. Ne5 Bb7 11. dxc5 bxc5 12. Nc4 Bc6 13. Ne5 Bb7 14. Qb3 Qb6 15.
Rfd1 Na6 16. Nxd5 Nxd5 17. Bxd5 Bxd5 18. Rxd5 Nc7 19. Rd7 Ne6 20. Nc4 Qc6 21.
Qb7 Qxb7 22. Rxb7 Nxf4 23. gxf4 Rfb8 24. Rxb8+ Rxb8 25. Rb1 a5 26. a4 Bc3 27. e3
Kg7 28. Kf1 Kf6 29. Ke2 Kf5 30. h3 h6 31. Rd1 Bxb2 32. Rb1 Rb4 33. Nxb2 c4 34.
Kd2 Ke4 35. Kc2 Kf3 36. Rd1 Kxf2 37. f5 gxf5 38. Rd5 Kxe3 39. Rxf5 Kd4 40. Rxf7
Rb3 41. Rf4+ Kd5 42. Rh4 Ra3 43. Nxc4 1-0

[Event "36th ECC Open 2021"]
[Site "Struga MKD"]
[Date "2021.09.22"]
[Round "5.12"]
[Board "4"]
[White "Jogstad, Martin"]
[Black "Johannesson, Ingvar Thor"]
[Result "1-0"]
[WhiteTitle "FM"]
[BlackTitle "FM"]
[WhiteElo "2341"]
[BlackElo "2346"]
[WhiteTeam "Lunds ASK"]
[BlackTeam "Reykjavik"]
[WhiteFideId "1715364"]
[BlackFideId "2301490"]
[EventDate "2021.09.18"]
[EventType "team"]

1. d4 Nf6 2. c4 e6 3. Nf3 c5 4. d5 exd5 5. cxd5 d6 6. Nc3 g6 7. Nd2 a6 8. a4
Nbd7 9. e4 Bg7 10. Be2 O-O 11. O-O Re8 12. Re1 Rb8 13. a5 Ne5 14. f4 Neg4 15.
Bf3 Nxe4 16. Rxe4 Rxe4 17. Ndxe4 Bd4+ 18. Kh1 Nxh2 19. g3 Nxf3 20. Qxf3 Qd7 21.
Be3 Bg7 22. Re1 b5 23. f5 b4 24. Bh6 bxc3 25. Bxg7 Qxf5 26. Qxc3 Qxd5 27. Kg1
Qb3 28. Nf6+ Kxg7 29. Ne8+ 1-0